[Event "Bullet Chess Losers 2024"]
[Site "chess.com INT"]
[Date "2024.06.11"]
[Round "2.5"]
[White "Firouzja, Alireza"]
[Black "Giri, A."]
[Result "1-0"]
[WhiteElo "2737"]
[BlackElo "2745"]
[PlyCount "153"]
[EventDate "2024.06.11"]
[EventType "k.o."]

1. Nf3 d5 2. c4 c6 3. e3 Nf6 4. b3 Bg4 5. Bb2 Nbd7 6. h3 Bh5 7. Nc3 ({RR} 7. d3 e6 8. Nbd2 Bc5 9. Be2 Qe7 10. a3 a5 11. d4 Bd6 12. c5 Bc7 13. b4 axb4 14. axb4 O-O 15. O-O e5 16. Nxe5 Nxe5 17. Bxh5 Nd3 18. Bc3 Rxa1 19. Bxa1 Nxb4 20. Bf3 b5 21. cxb6 Bxb6 {Tharushi,T (1732)-Begunov,K (2325) chess.com INT 2024 0-1 (71)}) 7... h6 $146 ({RR} 7... e5 8. g4 Bg6 9. d4 exd4 10. Nxd4 Qa5 11. a3 Bd6 12. b4 Qc7 13. cxd5 cxd5 14. Ndb5 Qc6 15. Rc1 d4 16. Ne4 Bc5 17. Nxf6+ Nxf6 18. Rxc5 Qxh1 19. Nc7+ Ke7 20. Re5+ Kd6 21. Qxd4+ Kxc7 22. Rc5+ {Batsuren,D (2504)-Bazarov,K (2226) Chess.com INT 2021 1-0}) ({RR} 7... e6 8. g4 Bg6 9. Nh4 Bb4 10. Nxg6 hxg6 11. Qe2 g5 12. Bg2 dxc4 13. bxc4 Nc5 14. O-O Nd3 15. Rab1 Nxb2 16. Rxb2 Bxc3 17. dxc3 Qc7 18. f4 Nd7 19. fxg5 Ne5 20. c5 Rd8 21. Rfb1 Qe7 22. Rxb7 {Svidler,P (2765)-Dreev,A (2653) Riadh 2017 0-1 (63)}) 8. g4 Bg6 9. Bg2 e6 10. Ne2 Bd6 11. Rc1 Qe7 12. O-O O-O 13. d3 Bh7 14. Re1 Rfe8 15. Qd2 a5 16. a4 Bb4 17. Bc3 Nc5 18. Bxb4 axb4 19. Qxb4 Nxd3 20. Qxe7 Rxe7 21. cxd5 exd5 22. Ned4 Nxc1 23. Rxc1 Ne4 24. Bf1 Nd6 25. Nh4 g5 26. Nhf3 f5 27. gxf5 Nxf5 28. Nxf5 Bxf5 29. Nd4 Bd7 30. Rc5 Kf7 31. a5 Kf6 32. b4 Ke5 33. Rc1 Kd6 34. Nb3 Rf8 35. Nc5 Bc8 36. Bg2 Ref7 37. Rd1 Kc7 38. Rd2 h5 39. Rc2 Kd6 40. Rd2 g4 41. hxg4 hxg4 42. e4 Be6 43. Nxe6 Kxe6 44. exd5+ Ke5 45. dxc6 bxc6 46. Bxc6 Rf4 47. b5 Ra4 48. a6 Rb8 49. Kg2 Rb6 50. Rd7 Kf4 51. a7 Ra2 52. a8=Q Rxa8 53. Rf7+ Kg5 54. Bxa8 Rxb5 55. Rd7 Rb3 56. Rd4 Rc3 57. Bd5 Rc5 58. Be6 g3 59. Kxg3 Kf6 60. Bg4 Rc3+ 61. f3 Rc5 62. Rf4+ Ke7 63. Rf5 Kd6 64. Rxc5 Kxc5 65. f4 Kd6 66. f5 Ke7 67. Kf4 Kf6 68. Ke4 Ke7 69. Ke5 Kf7 70. f6 Kg6 71. Be6 Kg5 72. f7 Kg6 73. f8=Q Kh7 74. Qf5+ Kg7 75. Qg5+ Kh7 76. Kf6 Kh8 77. Qg7# 1-0

[Event "Bullet Chess Losers 2024"]
[Site "chess.com INT"]
[Date "2024.06.11"]
[Round "2.7"]
[White "Firouzja, Alireza"]
[Black "Giri, A."]
[Result "1-0"]
[WhiteElo "2737"]
[BlackElo "2745"]
[PlyCount "107"]
[EventDate "2024.06.11"]
[EventType "k.o."]

1. Nf3 d5 2. g3 Nf6 3. c4 c6 4. Bg2 Bg4 5. Qb3 Qb6 6. cxd5 ({RR} 6. d3 Nbd7 7. Nc3 e6 8. O-O Be7 9. Be3 Qxb3 10. axb3 a6 11. h3 Bh5 12. g4 Bg6 13. Bf4 h6 14. Bg3 O-O 15. Nh4 Bh7 16. f4 Nc5 17. Ra3 Nxd3 18. exd3 Bxa3 19. bxa3 Bxd3 20. Rc1 dxc4 {Nepomniachtchi,I (2730)-Movsesian,S (2672) Dubai 2014 0-1 (75)}) 6... Qxb3 7. axb3 Bxf3 $146 ({RR} 7... Nxd5 8. O-O Nd7 9. Nc3 Nb4 10. d3 e5 11. Nd2 Nc5 12. Rb1 Be6 13. Nc4 f6 14. f4 Nxb3 15. fxe5 Nxc1 16. Rbxc1 Bxc4 17. dxc4 fxe5 18. Ne4 O-O-O 19. Rf5 Re8 20. Bh3 Kb8 21. Rf7 Re7 22. Rcf1 {Jaque Gutierrez,M (2177)-Yagupov,I (2290) chess.com INT 2024 0-1 (35)}) 8. Bxf3 cxd5 9. Nc3 e6 10. d4 Nc6 11. e3 a6 12. Ke2 Be7 13. Bd2 Nd7 14. Rhc1 O-O 15. Na4 Rfc8 16. Kd1 g6 17. Be2 h5 18. h4 Kf8 19. Bd3 Ke8 20. Ke2 Nb4 21. Bxb4 Bxb4 22. Nc3 Ke7 23. Rc2 Kd6 24. Rac1 Rc6 25. Na2 Rxc2+ 26. Rxc2 Ba5 27. b4 Bb6 28. Nc1 Nb8 29. b5 axb5 30. Bxb5 Nc6 31. Bxc6 bxc6 32. Nd3 Ra4 33. Ne5 c5 34. Nxf7+ Ke7 35. dxc5 Bc7 36. Ng5 Rb4 37. Nf3 Kf6 38. Ne1 Rb5 39. Nd3 e5 40. c6 Ke6 41. f4 e4 42. Ne5 Kf5 43. Nf7 Rb3 44. Ng5 Bb6 45. c7 Rxe3+ 46. Kd2 Rd3+ 47. Ke2 Re3+ 48. Kf1 Bxc7 49. Rxc7 Rxg3 50. Rf7+ Kg4 51. Rf6 Rb3 52. Ne6 Kf3 53. Nd4+ Ke3 54. Nxb3 1-0

[Event "18th ch-SRB 2024"]
[Site "Senta SRB"]
[Date "2024.06.22"]
[Round "6.1"]
[White "Indjic, A."]
[Black "Ivanisevic, I."]
[Result "1-0"]
[WhiteElo "2602"]
[BlackElo "2536"]
[PlyCount "67"]
[EventDate "2024.06.17"]

1. Nf3 d5 2. e3 c5 3. b3 f6 4. d4 cxd4 5. exd4 Nc6 6. Bb2 Bg4 7. Be2 e6 8. Nbd2 Bd6 9. c4 Nge7 10. O-O O-O ({RR} 10... Qd7 11. a3 O-O 12. Re1 Bh5 13. Nf1 Bf7 14. Ne3 Rad8 15. Qc2 Ng6 16. g3 Rfe8 17. Rad1 Nge7 18. h4 Bg6 19. Bd3 Bxd3 20. Qxd3 Bc7 21. Kg2 Nf5 22. Qc2 Nce7 23. c5 Nxe3+ 24. Rxe3 Nf5 25. Ree1 {Indjic,A (2651)-Szpar,M (2449) chess.com INT 2025 1-0 (74)}) 11. Re1 Bh5 $146 ({RR} 11... Qd7 12. Ne5 Nxe5 13. dxe5 Bxe2 14. Qxe2 fxe5 15. Bxe5 Bxe5 16. Qxe5 Rf6 17. cxd5 Ng6 18. Qd4 exd5 19. Ne4 Rf4 20. Rad1 Rd8 21. Qxa7 Nh4 22. Qc5 Rc8 23. Qd6 Qf5 24. Ng3 Qf7 25. Re7 Qf8 26. Rde1 {Aravindh,C (2662)-Deac,B (2690) chess.com INT 2024 1-0 (62)}) 12. a3 a6 13. b4 Kh8 14. Qb3 Bf7 15. c5 Bc7 16. a4 e5 17. dxe5 fxe5 18. b5 d4 19. Qd1 Na5 20. b6 Bb8 21. Ng5 Bg8 22. Nge4 Nec6 23. Ra3 h6 24. Rf3 Rxf3 25. Bxf3 Nb4 26. Ba3 Nd3 27. Rf1 Qd7 28. g3 Nc6 29. Qb1 Nf4 30. gxf4 exf4 31. Bg2 Bd5 32. Nf3 Ne5 33. Ned2 Ng4 34. Bh3 1-0

[Event "BRICS Games Rapid 2024"]
[Site "Kazan RUS"]
[Date "2024.06.18"]
[Round "3.2"]
[White "Artemiev, V."]
[Black "Abdisalimov, Abdimalik"]
[Result "1-0"]
[WhiteElo "2694"]
[BlackElo "2504"]
[PlyCount "153"]
[EventDate "2024.06.18"]
[EventType "rapid"]
[WhiteTeam "RUS"]
[BlackTeam "UZB"]

1. Nf3 Nf6 2. g3 d5 3. Bg2 c6 4. O-O Bg4 5. d4 Nbd7 6. Nbd2 e6 7. Re1 Be7 8. e4 dxe4 9. Nxe4 O-O 10. c3 Qb6 11. Qb3 Nxe4 12. Rxe4 Bf5 ({RR} 12... Nf6 13. Re1 Bf5 14. Ne5 h6 15. Qxb6 axb6 16. a3 b5 17. Bd2 Rfd8 18. Be3 Nd5 19. Bd2 Nb6 20. Rad1 Na4 21. Bc1 Bc2 22. Rd2 Bb3 23. Rde2 Bd5 24. Bh3 Bg5 25. f4 Bf6 26. Nf3 Bxf3 27. Re3 {Urbina Perez,J (2274)-Bendayan Claros,A (2159) Chess.com INT 2022 0-1 (65)}) 13. Re1 h6 ({RR} 13... a5 14. Ne5 a4 15. Nxd7 Qc7 16. Qd1 Qxd7 17. h4 h6 18. Qf3 Ra5 {½-½ (18) Speelman,J (2625)-Huebner,R (2595) Germany 1996}) 14. Nd2 $146 ({RR} 14. Ne5 Nxe5 15. Rxe5 Bd6 16. Re1 Qc7 17. c4 Be7 18. Bf4 Qd7 19. Rad1 Bf6 20. d5 exd5 21. cxd5 c5 22. d6 Rab8 23. Qd5 b6 24. b3 Rfe8 25. h4 Rbd8 26. Qc6 Bc3 27. Qxd7 Bxd7 28. Re7 Kf8 {Camacho Collados,J (2400)-Salinas Herrera,P (2514) Chess.com INT 2020 0-1 (48)}) 14... a5 15. Nc4 Qa6 16. a4 Bd3 17. Ne3 Rad8 18. Rd1 e5 19. Bd2 Rfe8 20. Be1 Bg5 21. Bf1 Bxf1 22. Nxf1 exd4 23. cxd4 Nb6 24. Qc3 Rd5 25. h4 Bf6 26. Ne3 Rd7 27. Qxa5 Rxd4 28. Qxa6 bxa6 29. b3 Red8 30. Rxd4 Bxd4 31. Rd1 Rd7 32. Rd3 Bf6 33. Rxd7 Nxd7 34. Nc4 Bd8 35. Bb4 h5 36. Kf1 f6 37. Ke2 Kf7 38. Ba5 Be7 39. Bb6 g5 40. Be3 Ke6 41. hxg5 fxg5 42. Nd2 g4 43. Ne4 Ke5 44. Kd3 Kd5 45. Nc3+ Ke6 46. Ne2 Bd6 47. Bf4 Bc5 48. Be3 Bd6 49. Kc4 Ne5+ 50. Kd4 Ng6 51. Ke4 Be5 52. Bd4 Bd6 53. Be3 Be5 54. Nc1 Bd6 55. Nd3 Be7 56. Bc5 Bf6 57. Bb4 h4 58. gxh4 Bxh4 59. Nc5+ Kf7 60. Be1 Ne7 61. Nxa6 Nd5 62. Nb8 Ne7 63. a5 Ke6 64. a6 Nc8 65. Nxc6 Kd6 66. a7 Nb6 67. Ne5 Na8 68. Nxg4 Kc6 69. Bd2 Kb7 70. Be3 Nc7 71. Ne5 Nb5 72. Nc6 Nc7 73. Na5+ Ka6 74. Nc4 Kb7 75. Nb6 Kxa7 76. Nd5+ Kb7 77. Nxc7 1-0

[Event "BRICS Games Rapid 2024"]
[Site "Kazan RUS"]
[Date "2024.06.18"]
[Round "6.2"]
[White "Bai, Jinshi"]
[Black "Aronyak, Ghosh"]
[Result "1-0"]
[WhiteElo "2564"]
[BlackElo "2529"]
[PlyCount "59"]
[EventDate "2024.06.18"]
[EventType "rapid"]
[WhiteTeam "CHN"]
[BlackTeam "IND"]

1. Nf3 Nf6 2. g3 b5 3. d3 Bb7 4. e4 d6 5. Na3 b4 ({RR} 5... a6 6. c4 c6 7. Bg2 Nbd7 8. O-O g6 9. Bd2 Bg7 10. Re1 O-O 11. b4 Ng4 12. d4 e5 13. h3 Ngf6 14. dxe5 dxe5 15. Qc2 Qe7 16. Bc3 a5 17. c5 axb4 18. Bxb4 Nb8 19. Rac1 Na6 20. Bd2 {Zatonskih,A (2315)-Krush,I (2378) Saint Louis USA 2025 1-0 (32)}) 6. Nc4 c5 7. c3 $146 ({RR} 7. Bg2 e6 8. O-O Be7 9. a3 a5 10. Re1 Nbd7 11. Bf4 Nb6 12. axb4 Nxc4 13. dxc4 cxb4 14. e5 dxe5 15. Qxd8+ Bxd8 16. Nxe5 Bxg2 17. Kxg2 O-O 18. Nc6 Bb6 19. Bd6 Rfe8 20. c5 Rac8 21. Ne7+ Rxe7 {Kilic,E (2443)-Kamer,K (2316) Prishtina KOS 2024 1-0 (75)}) 7... a5 8. Bg2 g6 9. O-O Bg7 10. e5 dxe5 11. Nfxe5 Bxg2 12. Kxg2 Nbd7 13. Qf3 Nxe5 14. Nxe5 Qd5 15. Be3 Rc8 16. Nc4 Qxf3+ 17. Kxf3 bxc3 18. bxc3 Nd5 19. Rab1 Bxc3 20. Rb5 O-O 21. Rc1 Bf6 22. Rxa5 Nb4 23. Nb6 Rb8 24. Nd7 Ra8 25. Rcxc5 Rfd8 26. Rxa8 Rxa8 27. Nb6 Rxa2 28. Bh6 Rxf2+ 29. Kg4 Rc2 30. Nc4 1-0

[Event "Titled Tue 18th Jun Early"]
[Site "chess.com INT"]
[Date "2024.06.18"]
[Round "10"]
[White "Jones, G."]
[Black "Suleymanli, Aydin"]
[Result "1-0"]
[WhiteElo "2633"]
[BlackElo "2626"]
[PlyCount "101"]
[EventDate "2024.06.18"]

1. Nf3 d5 2. g3 Nf6 3. Bg2 Nbd7 4. d4 Nb6 5. O-O Bf5 6. a4 ({RR} 6. Nh4 e6 7. Nxf5 exf5 8. b3 c6 9. Qd3 Qd7 10. a4 Rd8 11. Bg5 Be7 12. Bxf6 Bxf6 13. e3 O-O 14. Nd2 Qe6 15. Rac1 Nc8 16. c4 Nd6 17. cxd5 cxd5 18. Rc7 Rb8 19. Rfc1 Bd8 20. R7c2 h5 {Anton Guijarro,D (2691)-Suleymanli,A (2586) chess.com INT 2023 ½-½ (101)}) 6... a5 7. Nc3 e6 8. Bg5 $146 ({RR} 8. Bf4 Bd6 9. Bxd6 Qxd6 10. Nb5 Qd8 11. Qc1 c6 12. Nc3 h6 13. b3 O-O 14. Qd2 Ne4 15. Nxe4 Bxe4 16. Rfc1 Nd7 17. c4 Qf6 18. Qe3 Rfe8 19. Qf4 Qxf4 20. gxf4 f6 21. e3 Kf7 22. cxd5 exd5 {Urazayev,A (2473)-Shton,R (2060) chess.com INT 2024 ½-½ (56)}) ({RR} 8. Nh4 Be7 9. Nxf5 exf5 10. Bg5 Ne4 11. Bxe7 Qxe7 12. Nxe4 fxe4 13. e3 O-O 14. Qe2 c6 15. Rfc1 g6 16. b3 Kg7 17. c4 f5 18. Qd2 Rfd8 19. Rab1 Qb4 20. Qxb4 axb4 21. c5 Nd7 22. Bf1 g5 {Povshednyi,I (2318)-Svane,R (2624) chess.com INT 2025 0-1 (81)}) 8... Be7 9. Nh4 O-O 10. Re1 h6 11. Nxf5 exf5 12. Bxf6 Bxf6 13. e3 c6 14. Ne2 Qe7 15. Nf4 g6 16. b3 Rfd8 17. Rc1 Rac8 18. Nd3 Nd7 19. Qd2 b6 20. c4 dxc4 21. Rxc4 c5 22. Qc2 Rb8 23. dxc5 Nxc5 24. Nxc5 bxc5 25. Rc1 Rd7 26. Rxc5 Rbd8 27. Bf3 Bg5 28. Qc3 Rd3 29. Qe5 Rxe3 30. fxe3 Bxe3+ 31. Kf1 Qxe5 32. Rxe5 Bxc1 33. Rxa5 Rd3 34. Bd5 Bd2 35. Ke2 Rd4 36. Ra8+ Kg7 37. Bc4 Bc3 38. Ra7 Rd2+ 39. Ke3 Kf6 40. Rxf7+ Kg5 41. Re7 Rxh2 42. Kd3 Be1 43. Rxe1 Rg2 44. Re3 Kg4 45. a5 h5 46. b4 Rb2 47. Kc3 Rb1 48. Ba2 Ra1 49. Kb2 Rg1 50. a6 h4 51. gxh4 1-0

[Event "Titled Tue 18th Jun Early"]
[Site "chess.com INT"]
[Date "2024.06.18"]
[Round "11"]
[White "Svane, R."]
[Black "Iniyan, Pa"]
[Result "1-0"]
[WhiteElo "2633"]
[BlackElo "2523"]
[PlyCount "65"]
[EventDate "2024.06.18"]

1. Nf3 Nf6 2. g3 b6 3. Bg2 Bb7 4. O-O g6 5. c4 Bg7 6. d4 O-O 7. Re1 e6 8. Bf4 d5 ({RR} 8... d6 9. Nbd2 Nc6 10. Nb3 Re8 11. Bg5 h6 12. Bxf6 Qxf6 13. e3 a5 14. Nfd2 e5 15. dxe5 dxe5 16. Ne4 Qe7 17. Nc3 e4 18. Nd5 Qe5 19. Re2 Nb4 20. Nxb4 axb4 21. Rd2 c5 22. Bh3 Bf6 23. a3 {Nakamura,H (2768)-Carlsen,M (2852) chess.com INT 2023 ½-½ (44)}) 9. cxd5 Nxd5 10. Bg5 Qd7 $146 ({RR} 10... Qc8 11. e4 Nf6 12. Nc3 Nbd7 13. Rc1 h6 14. Bf4 g5 15. Bd2 c5 16. dxc5 bxc5 17. e5 Nd5 18. Nb5 Bc6 19. Nd6 Qb8 20. Nc4 Rc8 21. Bxg5 N7b6 22. Nd6 hxg5 23. Nxg5 Bxe5 24. Qh5 Qc7 25. Ndxf7 {Svane,R (2632)-Balaji,A (2346) chess.com INT 2024 1-0}) ({RR} 10... Bf6 11. Bh6 Re8 12. e4 Ne7 13. Nc3 Bg7 14. Bxg7 Kxg7 15. Qb3 Nd7 16. Rad1 Qc8 17. h4 h6 18. Qc2 c5 19. d5 exd5 20. exd5 Nf6 21. Ne5 Nf5 22. Bh3 Qb8 23. Nc6 Rxe1+ 24. Rxe1 Nd4 25. Nxd4 {Svane,R (2627)-Bologan,V (2607) chess.com INT 2025 1-0 (65)}) 11. e4 Ne7 12. Nc3 h6 13. Be3 Kh7 14. Qc2 Rc8 15. Rad1 a5 16. h4 Na6 17. a3 Qe8 18. h5 c5 19. d5 Rd8 20. d6 Nc6 21. e5 Kg8 22. Bf4 g5 23. Bxg5 hxg5 24. Nxg5 f5 25. exf6 Qxh5 26. f7+ Kh8 27. Nxe6 Qxf7 28. Bd5 Rxd6 29. Ng5 Qg6 30. Nf7+ Kh7 31. Be4 Nd4 32. Bxg6+ Rxg6 33. Ng5+ 1-0

[Event "Titled Tue 18th Jun Late"]
[Site "chess.com INT"]
[Date "2024.06.18"]
[Round "2"]
[White "Svane, R."]
[Black "Bareev, E."]
[Result "1-0"]
[WhiteElo "2633"]
[BlackElo "2611"]
[PlyCount "135"]
[EventDate "2024.06.18"]

1. Nf3 f5 2. d3 d6 3. e4 Nc6 4. exf5 Bxf5 5. d4 Nf6 6. Bb5 a6 7. Ba4 b5 8. Bb3 Na5 9. O-O $146 ({RR} 9. h3 Qd7 10. Nc3 c5 11. dxc5 dxc5 12. Bf7+ Kd8 13. O-O Nc6 14. Be3 e5 15. Bd5 Nxd5 16. Nxd5 Ra7 17. Bg5+ Ke8 18. Re1 e4 19. Nh4 Kf7 20. c3 Be6 21. Nf4 Qxd1 22. Raxd1 Bxa2 23. Rxe4 g6 {Zochowski,K (2257)-Jakubowski,K (2444) Warsaw POL 2024 1-0 (44)}) 9... g6 10. Re1 Nxb3 11. axb3 Bg7 12. h3 O-O 13. Nbd2 Qd7 14. Nf1 h6 15. Ng3 Rf7 16. Nxf5 gxf5 17. d5 c6 18. dxc6 Qxc6 19. Nd4 Qd5 20. Ne6 Qxd1 21. Rxd1 Nd7 22. c3 Nc5 23. Nxc5 dxc5 24. Be3 Rc8 25. Rxa6 f4 26. Bc1 b4 27. Rd3 Rf5 28. Bd2 Rb8 29. cxb4 cxb4 30. Ra4 Bxb2 31. Rxb4 Rxb4 32. Bxb4 Kf7 33. Kf1 Rb5 34. Bd2 e5 35. f3 Ke6 36. Ke2 Rb7 37. b4 h5 38. Rd8 Rg7 39. Kf1 Rc7 40. Ke2 Rg7 41. Kf1 Rc7 42. Rd3 Rc8 43. Rb3 Bd4 44. b5 Kd5 45. b6 Rb8 46. b7 Kc6 47. Ke2 Bb6 48. Kd3 Rxb7 49. Ke4 Rd7 50. Bc3 Bc7 51. Rb2 Rg7 52. Kf5 Kd5 53. Rd2+ Kc4 54. Bxe5 Bxe5 55. Kxe5 Kc3 56. Ra2 Rf7 57. h4 Kd3 58. Ra3+ Ke2 59. Ke4 Kf2 60. Ra5 Kxg2 61. Rxh5 Kg3 62. Re5 Kxh4 63. Rf5 Rc7 64. Kxf4 Rc4+ 65. Ke3 Ra4 66. Kf2 Rb4 67. Ke3 Ra4 68. Rf4+ 1-0

[Event "Titled Tue 18th Jun Late"]
[Site "chess.com INT"]
[Date "2024.06.18"]
[Round "5"]
[White "Carlsen, M."]
[Black "Erigaisi, Arjun"]
[Result "1-0"]
[WhiteElo "2830"]
[BlackElo "2761"]
[PlyCount "75"]
[EventDate "2024.06.18"]

1. Nf3 Nf6 2. g3 g6 3. Bg2 Bg7 4. O-O O-O 5. b3 d5 6. Bb2 c5 7. c4 d4 8. b4 Nc6 9. bxc5 Ne4 ({RR} 9... e5 10. d3 Nd7 11. Nbd2 Nxc5 12. Nb3 Na4 13. Ba3 Re8 14. Qc2 Nc3 15. Bb2 Bf5 16. Nh4 Bc8 17. Rfe1 a5 18. Nc5 Qb6 19. Ne4 Nb4 20. Qd2 Nxe4 21. Bxe4 f5 22. Bg2 e4 23. a3 Nc6 24. Rab1 {Hernandez Amura,G (2539)-Naroditsky,D (3108) Chess.com 2024 0-1 (34)}) ({RR} 9... e5 10. d3 e4 11. Nfd2 e3 12. fxe3 Ng4 13. e4 Ne3 14. Qc1 Nxf1 15. Qxf1 Be6 16. Na3 Qe7 17. Nb5 a6 18. Nd6 Ne5 19. h3 b6 20. Bxd4 bxc5 21. Bxc5 Rfd8 22. d4 Qc7 23. Qf2 Rxd6 24. Bxd6 {Rasti,A (2237)-Ebrahimi Herab,H (2417) chess.com INT 2025 0-1 (49)}) 10. d3 Nxc5 11. Ba3 b6 $146 ({RR} 11... Qa5 12. Qd2 Qb6 13. Qc1 Na4 14. Qc2 Qa6 15. Qb3 Re8 16. Qb5 Qxb5 17. cxb5 Nd8 18. Bb4 Bd7 19. Na3 a6 20. Nc2 e5 21. bxa6 Rxa6 22. Ng5 Bc6 23. Rfb1 Bxg2 24. Kxg2 Rc6 25. Na3 Bf8 26. Bxf8 {Triapishko,A (2473)-Nguyen Hong Anh (2032) Hong Kong HKG 2024 1-0 (72)}) 12. Nbd2 Qc7 13. Bxc5 bxc5 14. Nb3 Qd6 15. Nfd2 f5 16. Na5 Nxa5 17. Bxa8 Nc6 18. Rb1 Bd7 19. Bb7 e5 20. Qa4 Bh6 21. Nb3 Rb8 22. Bxc6 Bxc6 23. Qxa7 Bf8 24. Na5 Ra8 25. Qb6 Be8 26. Qxd6 Bxd6 27. Nb7 Be7 28. a4 Rxa4 29. Ra1 Rb4 30. Rfb1 Kf7 31. Rxb4 cxb4 32. Ra6 e4 33. Nd6+ Bxd6 34. Rxd6 exd3 35. exd3 Ba4 36. Rb6 Bc2 37. Rxb4 Ke6 38. c5 1-0

[Event "Titled Tue 18th Jun Late"]
[Site "chess.com INT"]
[Date "2024.06.18"]
[Round "11"]
[White "Naroditsky, D."]
[Black "Svane, R."]
[Result "1-0"]
[WhiteElo "2619"]
[BlackElo "2633"]
[PlyCount "97"]
[EventDate "2024.06.18"]

1. Nf3 d5 2. g3 Nf6 3. Bg2 e6 4. O-O Be7 5. d3 O-O 6. Nbd2 Nc6 7. e4 dxe4 8. dxe4 e5 9. c3 a5 10. a4 Bc5 11. Qc2 Be6 12. Ng5 Bd7 13. Nc4 Qe7 14. Ne3 Bxe3 15. Bxe3 h6 $146 ({RR} 15... Rad8 16. h3 Nb8 17. b4 b6 18. bxa5 bxa5 19. Nf3 Na6 20. Nh4 Nc5 21. Nf5 Bxf5 22. exf5 Nd5 23. Bxd5 Rxd5 24. Rfd1 c6 25. c4 Rd7 26. Rxd7 Nxd7 27. Qe4 Qd6 28. g4 Rb8 29. Qc2 h6 30. Rd1 {Petrosian,T (2625)-Aronian,L (2784) Berlin 2015 ½-½ (64)}) 16. Nf3 Be6 17. Nh4 Rfd8 18. Nf5 Bxf5 19. exf5 e4 20. Rfe1 Rd5 21. Bf4 Re8 22. Qb3 b6 23. Bxe4 Rc5 24. Bf3 Qxe1+ 25. Rxe1 Rxe1+ 26. Kg2 Ne5 27. Be3 Rxe3 28. fxe3 Nxf3 29. Kxf3 Rxf5+ 30. Ke2 Rc5 31. Qc2 Kf8 32. Qd3 Ke7 33. b4 Rd5 34. Qc4 c5 35. bxa5 bxa5 36. Qb5 c4 37. Qxc4 Kd6 38. Qa6+ Ke7 39. c4 Re5 40. Qb7+ Nd7 41. Kd2 h5 42. h3 Rg5 43. h4 Re5 44. Qc7 g6 45. Kd3 Rc5 46. Qa7 Kd6 47. Kd4 Rf5 48. e4 Rf1 49. c5+ 1-0

[Event "FIDE World Corporate KO"]
[Site "New York USA"]
[Date "2024.06.17"]
[Round "2.1"]
[White "Gabuzyan, H."]
[Black "Andriasian, Z."]
[Result "1-0"]
[WhiteElo "2579"]
[BlackElo "2558"]
[PlyCount "135"]
[EventDate "2024.06.17"]
[WhiteTeam "Chessmood"]
[BlackTeam "Chessify"]

1. Nf3 d5 2. g3 Bg4 3. Bg2 Nd7 4. O-O Ngf6 5. d3 e5 6. Nbd2 Be7 7. e4 dxe4 8. dxe4 c6 9. b3 O-O 10. Bb2 Qc7 11. Nc4 ({RR} 11. Qe2 b5 12. Rfe1 Rfe8 13. h3 Bh5 14. Qf1 Bb4 15. c3 Bf8 16. a4 a6 17. axb5 cxb5 18. b4 Nb6 19. Rac1 Rad8 20. Red1 Qb8 21. Qe2 Rd7 22. Ba1 Red8 23. g4 Bg6 24. Nh4 Qc7 25. Bf3 Nc4 {Akash Pc,I (2390)-Bartholomew,J (2448) London 2017 0-1 (38)}) 11... Nxe4 12. Qe1 $146 ({RR} 12. Ncxe5 Nxe5 13. Bxe5 Qxe5 14. Nxe5 Bxd1 15. Raxd1 Nf6 16. Nd7 Rfd8 17. Nxf6+ Bxf6 18. Bf3 Rxd1 19. Rxd1 Rc8 {½-½ (19) Stavroyany,S (2277)-Burdalev,K (2279) Kiev 2010}) 12... Bxf3 13. Bxf3 Ng5 14. Bg2 Bf6 15. Rd1 e4 16. Bc1 Ne5 17. Nxe5 Qxe5 18. Rd7 Qf5 19. Rxb7 Nf3+ 20. Bxf3 exf3 21. Qe3 Rfe8 22. Qf4 Qh5 23. Rb4 h6 24. Qg4 Qxg4 25. Rxg4 Re2 26. Rc4 Rae8 27. Be3 Bg5 28. Bxg5 hxg5 29. Rxc6 Rd8 30. h3 Rdd2 31. Rc8+ Kh7 32. Rc3 Rxc2 33. Rxf3 Kg6 34. a3 Re6 35. Rd1 a6 36. Kg2 Ra2 37. b4 Rc6 38. Rd5 Ra1 39. Rfd3 f6 40. Rd7 Ra2 41. Ra7 Rcc2 42. Rf3 Rc6 43. h4 gxh4 44. gxh4 Kh6 45. h5 g6 46. hxg6 Kxg6 47. Rd7 Re6 48. Rd5 Rc6 49. Kg3 Re6 50. Ra5 Ra1 51. Kf4 Ra2 52. Rc5 Rd6 53. Rg3+ Kf7 54. Rc7+ Kf8 55. Rf3 Re2 56. Kf5 Re5+ 57. Kg6 Rg5+ 58. Kh6 Rg2 59. Rf5 Ke8 60. Rg7 Rh2+ 61. Kg6 Rg2+ 62. Kh7 Rh2+ 63. Kg8 Rh3 64. Ra5 Rh2 65. b5 axb5 66. Ra8+ Rd8 67. Raa7 Rb8 68. Raf7 1-0

[Event "Titled Tue 25th Jun Early"]
[Site "chess.com INT"]
[Date "2024.06.25"]
[Round "5"]
[White "Carlsen, M."]
[Black "Ibarra Jerez, JC."]
[Result "1-0"]
[WhiteElo "2830"]
[BlackElo "2559"]
[PlyCount "69"]
[EventDate "2024.06.25"]

1. Nf3 Nf6 2. g3 d6 3. Bg2 g6 4. d4 Bg7 5. b3 O-O 6. Bb2 b5 7. Nfd2 c6 8. O-O d5 9. e4 dxe4 10. Nxe4 Nxe4 11. Bxe4 Qc7 $146 ({RR} 11... Bb7 12. a4 a6 13. c4 bxc4 14. bxc4 Qb6 15. Ra2 c5 16. dxc5 Qc7 17. Bxg7 Kxg7 18. Bxb7 Qxb7 19. Qd4+ f6 20. Rb2 Qc6 21. Nc3 Nd7 22. Ne4 Rad8 23. Qd5 Qxa4 24. Rb7 Rfe8 25. Qe6 Nf8 26. Rxe7+ {Rendle,T (2385)-Nasta,K (2008) chess.com INT 2023 1-0}) 12. Nd2 Nd7 13. Re1 e6 14. c4 Bb7 15. Qc2 b4 16. c5 a5 17. Nc4 Rad8 18. a3 Ba6 19. Nd6 bxa3 20. Rxa3 Nf6 21. Rea1 Nxe4 22. Qxe4 Ra8 23. Qe1 Bd3 24. b4 Bf5 25. Rxa5 Rab8 26. Bc3 Bh3 27. Qe4 Qd8 28. Qxc6 Qf6 29. Qe4 Qg5 30. Qh4 Qxh4 31. gxh4 Bxd4 32. Bxd4 Rxb4 33. R5a4 Rxa4 34. Rxa4 Rb8 35. f3 1-0

[Event "Titled Tue 25th Jun Early"]
[Site "chess.com INT"]
[Date "2024.06.25"]
[Round "7"]
[White "Carlsen, M."]
[Black "Yoo, Christopher Woojin"]
[Result "1-0"]
[WhiteElo "2830"]
[BlackElo "2599"]
[PlyCount "61"]
[EventDate "2024.06.25"]

1. Nf3 Nf6 2. g3 d5 3. Bg2 e6 4. O-O Be7 5. d3 O-O 6. a4 Nc6 7. Nbd2 e5 ({RR} 7... a5 8. e4 dxe4 9. dxe4 e5 10. Qe2 Bc5 11. Nc4 Qe7 12. c3 h6 13. Ne3 Bxe3 14. Bxe3 Bg4 15. h3 Bxf3 16. Bxf3 Qe6 17. Kh2 Ne7 18. Rfd1 Nc8 19. Bc5 Re8 20. Rd2 Qc6 21. Qb5 Qxb5 22. axb5 {Dronavalli,H (2489)-Mammadzada,G (2421) New York USA 2024 ½-½ (49)}) 8. e4 dxe4 9. dxe4 b6 $146 ({RR} 9... a5 10. b3 Bc5 11. Bb2 Qe7 12. Qe2 Rd8 13. Nc4 Bg4 14. c3 Qe6 15. Rfe1 Ne8 16. h3 Bh5 17. Rad1 Nd6 18. Rd5 Nxc4 19. Qxc4 Bd6 20. Nd2 f6 21. Rb5 Qxc4 22. Nxc4 b6 23. Nxd6 Rxd6 24. Rd5 {Carlsen,M (2839)-Nepomniachtchi,I (2771) chess.com INT 2023 1-0 (61)}) 10. Nc4 Ba6 11. Nfxe5 Nxe5 12. Nxe5 Bxf1 13. Qxf1 Qe8 14. Qc4 Bc5 15. Nd3 Rd8 16. Bf4 Rd4 17. Qb5 Nxe4 18. Be3 Rd8 19. Nxc5 Nxc5 20. Bxc5 bxc5 21. Qxc5 Rd2 22. Qxa7 Rxc2 23. a5 Rxb2 24. a6 Qe2 25. Qe3 Qc2 26. Be4 Qc4 27. a7 Re2 28. Qxe2 Qxe2 29. a8=Q g6 30. Bf3 Qb2 31. Qa3 1-0

[Event "Titled Tue 25th Jun Early"]
[Site "chess.com INT"]
[Date "2024.06.25"]
[Round "9"]
[White "Narayanan, SL."]
[Black "Svane, Frederik"]
[Result "1-0"]
[WhiteElo "2668"]
[BlackElo "2638"]
[PlyCount "103"]
[EventDate "2024.06.25"]

1. Nf3 Nf6 2. d3 d5 3. c4 e6 4. g3 Be7 ({RR} 4... dxc4 5. Qa4+ Bd7 6. Qxc4 c5 7. Ne5 Nc6 8. Nxd7 Qxd7 9. Bg2 Rc8 10. Qc2 Be7 11. O-O O-O 12. Nc3 Rfd8 13. Bd2 a6 14. Rac1 b5 15. Bf4 h6 16. Rfd1 Nd5 17. Nxd5 exd5 18. b3 Qe6 19. Re1 {Indjic,A (2604)-Bluebaum,M (2672) Tornelo INT 2020 0-1 (48)}) ({RR} 4... c6 5. Bg2 Bd6 6. b3 O-O 7. O-O b6 8. Bb2 Bb7 9. Nbd2 Nbd7 10. Rc1 Qe7 11. Qc2 Rac8 12. Qb1 e5 13. cxd5 cxd5 14. Rxc8 Rxc8 15. Rc1 Rc5 16. d4 Rxc1+ 17. Qxc1 e4 18. Nh4 g6 19. Bh3 {Brancaleoni,M (2180)-Collins,G chess.com INT 2024 0-1 (54)}) 5. Bg2 O-O 6. Qc2 $146 ({RR} 6. Qa4 c5 7. O-O Nc6 8. a3 a6 9. Bf4 Bd7 10. Qc2 b5 11. b3 Rc8 12. Rc1 Qb6 13. h3 Rfd8 14. g4 dxc4 15. bxc4 bxc4 16. dxc4 Nd4 17. Nxd4 cxd4 18. Qd3 Bc6 19. Bxc6 Qxc6 20. Nd2 Nd7 {Giffard,N (2305)-Inkiov,V (2475) Chalon sur Saone 1991 0-1 (40)}) 6... Nc6 7. a3 a5 8. Nc3 d4 9. Nb5 e5 10. O-O h6 11. e3 dxe3 12. Bxe3 Bf5 13. Rad1 Qc8 14. Rfe1 Rd8 15. Qc3 e4 16. dxe4 Rxd1 17. Rxd1 Nxe4 18. Qc1 Bg6 19. Bf4 Bc5 20. Rf1 Bb6 21. Be3 Nc5 22. Qc3 Na4 23. Qd2 Bxe3 24. fxe3 Be4 25. Qf2 Qd7 26. Nbd4 Qe7 27. Nh4 Nc5 28. Nhf5 Qe8 29. Bxe4 Nxe4 30. Qf4 Nd6 31. Qg4 Qe5 32. Nxh6+ Kf8 33. Nhf5 g6 34. Nxd6 Qxe3+ 35. Kh1 cxd6 36. Ne6+ Ke7 37. Ng5 Ne5 38. Qh4 Kd7 39. Nxf7 Kc6 40. Nxe5+ Qxe5 41. Qg4 g5 42. Qf3+ Kc7 43. Rf2 Re8 44. Kg2 Re7 45. b4 axb4 46. axb4 Qd4 47. Re2 Rd7 48. Qf5 Kb8 49. Qxd7 Qxc4 50. Qxd6+ Ka7 51. Qc5+ Qxc5 52. bxc5 1-0